Guess the Cities of Afghanistan - Statistics

General Stats
  • This quiz has been taken 13 times
  • The average score is 5 of 19
Answer Stats
Population Answer % Correct
3,289,000 Kabul
100%
491,500 Kandahar
58%
436,300 Herat
50%
206,500 Jalalabad
42%
368,100 Mazar-I-Sharif
42%
157,600 Ghazni
33%
133,700 Khost
33%
304,600 Kunduz
33%
108,400 Farah
17%
161,700 Sheberghan
17%
219,000 Taloqan
17%
102,700 Pul-i-alam
8%
203,600 Puli Khumri
8%
150,700 Sar-e Pol
8%
131,800 Chaghcharan
0%
171,200 Charikar
0%
100,200 Lashkar Gar
0%
126,000 Mihtarlam
0%
100,500 Samangan
0%
No matching quizzes found
Score Distribution
Percent of People with Each Score
Percentile by Number Answered
Your Score History
You have not taken this quiz